Manuel du langage algorithmique, Algol 68 /
Guardado en:
| Autor Corporativo: | |
|---|---|
| Formato: | Libro |
| Idioma: | French |
| Publicado: |
Paris :
Hermann,
c1975.
|
| Series: | Actualités scientifiques et industrielles ;
1373 |
| Materias: | |
| Etiquetas: |
Agregar Etiqueta
Sin Etiquetas, Sea el primero en etiquetar este registro!
|
| LEADER | 00821nam a2200205 a 4500 | ||
|---|---|---|---|
| 001 | MAT.inmabb002815 | ||
| 008 | 760114s1975####fr#######b####001#0#fre## | ||
| 005 | 20160602164822.0 | ||
| 245 | 1 | 0 | |a Manuel du langage algorithmique, Algol 68 / |c Groupe Algol de l'AFCET ; rédigé sous la direction de Pierre Bacchus, Jacques André et Claude Pair. |
| 260 | |a Paris : |b Hermann, |c c1975. | ||
| 300 | |a 492 p. ; |c 24 cm. | ||
| 440 | 0 | |a Actualités scientifiques et industrielles ; |v 1373 | |
| 504 | |a Incluye referencias bibliográficas e índice. | ||
| 020 | |a 2705613730 | ||
| 110 | 2 | |a Association française de cybernétique économique et technique. |b Groupe Algol. | |
| 650 | 0 | |a ALGOL (Computer program language) | |
| 084 | |a 68N15 |2 msc2000 | ||
| 010 | |a 75522469 | ||
| 040 | |a DLC |c DLC |d DLC | ||
| 859 | |h 68 |i As849 |p A-5294 |b BIB. MATEMATICA | ||
